000 00577cam a22002051 4500
001 ne 66001444
003 DLC
005 20260227111825.0
008 840116s1964 ua 000 0 arar
010 _ane 66001444
035 _a(OCoLC)10306070
040 _aDLC
_cTxU
_dTxU
_dDLC
042 _apremarc
050 0 0 _aQC23
_b.H148
100 1 _aHaddārah, Sayyid Ramaḍān.
245 1 3 _aal-Kawn,
_bdharrah wa-ḥarakah
_c[taʼlīf] Sayyid Ramaḍān Haddārah.
260 _a[al-Qāhirah]
_bDār al-Qalam
_c[1964]
300 _a206 p.
_billus.
_c20 cm.
650 0 _aPhysics.
999 _c49059
_d49059